[Event "IBCA EU-ch blind"]
[Site "Ploiesti"]
[Date "2024.06.23"]
[Round "8"]
[White "Stimec, Marjan"]
[Black "Marchidan, Costica"]
[Result "0-1"]
[WhiteElo "1858"]
[BlackElo "1744"]
[PlyCount "50"]
[EventDate "2024.06.16"]
[EventType "swiss"]
[EventRounds "9"]
[EventCountry "ROU"]
[SourceTitle "CBM 220 Extra"]
[Source "ChessBase"]
[SourceDate "2024.07.31"]
[SourceVersion "1"]
[SourceVersionDate "2024.07.31"]
[SourceQuality "1"]

1. d4 Nf6 2. c4 g6 3. Nc3 Bg7 4. e4 d6 5. f3 0-0 6. Bg5 Nbd7 7. Qd2 a6 8. Bh6 e5 9. d5 Nxe4 10. fxe4 Qh4+ 11. g3 Qxh6 12. Qe2 f5 13. Bg2 Nf6 14. h3 Nh5 15. Qd3 b5 16. Nge2 bxc4 17. Qxc4 f4 18. Qd3 a5 19. a4 fxg3 20. Kd1 Rf2 21. Rg1 Ba6 22. Nb5 Nf4 23. Nxf4 exf4 24. Bf3 Qxh3 25. Rh1 g2 0-1

[Event "IBCA EU-ch blind"]
[Site "Ploiesti"]
[Date "2024.06.17"]
[Round "2"]
[White "Stimec, Marjan"]
[Black "Polnar, Josef"]
[Result "1/2-1/2"]
[WhiteElo "1858"]
[BlackElo "1752"]
[PlyCount "46"]
[EventDate "2024.06.16"]
[EventType "swiss"]
[EventRounds "9"]
[EventCountry "ROU"]
[SourceTitle "CBM 220 Extra"]
[Source "ChessBase"]
[SourceDate "2024.07.31"]
[SourceVersion "1"]
[SourceVersionDate "2024.07.31"]
[SourceQuality "1"]

1. d4 d5 2. Nf3 Nf6 3. Nbd2 e6 4. e3 Bd6 5. Be2 Nbd7 6. c4 c6 7. b3 0-0 8. Bb2 Re8 9. 0-0 e5 10. dxe5 Nxe5 11. Nxe5 Bxe5 12. Bxe5 Rxe5 13. Re1 Qe8 14. Nf3 Re7 15. Qc2 Bg4 16. Rad1 Rd8 17. Nd4 Bxe2 18. Nxe2 Red7 19. c5 Qe5 20. Rd4 Re8 21. Red1 Rde7 22. Ng3 g6 23. h3 Nh5 1/2-1/2

[Event "IBCA World-chT blind 9th"]
[Site "Ohrid"]
[Date "2022.07.07"]
[Round "9.7"]
[White "Atanasov, K Sande"]
[Black "Stimec, Marjan"]
[Result "0-1"]
[WhiteElo "1853"]
[BlackElo "1787"]
[PlyCount "148"]
[EventDate "2022.06.28"]
[EventType "team-swiss"]
[EventRounds "9"]
[EventCountry "MKD"]
[SourceTitle "EXT 2024"]
[Source "ChessBase"]
[SourceDate "2023.10.10"]
[SourceVersion "1"]
[SourceVersionDate "2023.10.10"]
[SourceQuality "1"]
[WhiteTeam "Macedonia"]
[BlackTeam "Slovenia"]
[WhiteTeamCountry "MKD"]
[BlackTeamCountry "SLO"]

1. e4 c5 2. Nf3 d6 3. d4 cxd4 4. Nxd4 a6 5. Nc3 Nf6 6. Be3 g6 7. Be2 Bg7 8. Qd2 h5 9. f3 Nbd7 10. 0-0 Qc7 11. Rfe1 Ne5 12. Nb3 Bd7 13. Rac1 b5 14. Bg5 Nc4 15. Bxc4 Qxc4 16. Qd3 Be6 17. Ne2 0-0 18. Ned4 Rac8 19. Nxe6 Qxe6 20. c3 Rfe8 21. Be3 Nd7 22. Bd4 Ne5 23. Bxe5 dxe5 24. Rcd1 Qb6+ 25. Qe3 Qc7 26. Rd5 e6 27. Rc5 Qd6 28. Rxc8 Rxc8 29. Qd2 Qb6+ 30. Qe3 Qc7 31. Rd1 Rd8 32. Rxd8+ Qxd8 33. Qd2 Qb6+ 34. Qf2 Qc7 35. Kf1 Bh6 36. Qc5 Qd8 37. Ke2 Qg5 38. g3 h4 39. Kf2 hxg3+ 40. hxg3 Qd8 41. Ke2 Qd7 42. Qxe5 f5 43. Nd4 Kf7 44. exf5 gxf5 45. Kd3 Bg7 46. Qf4 Kg8 47. Kc2 Qd5 48. a3 Be5 49. Qe3 Kf7 50. Ne2 Qd6 51. f4 Bf6 52. Nd4 Qd7 53. Nf3 Qb7 54. Ne5+ Kg7 55. Nf3 Qd7 56. Ne5 Qb7 57. Nf3 Qc6 58. Ne5 Qg2+ 59. Kb1 Qh1+ 60. Ka2 Qd5+ 61. b3 Qg2+ 62. Kb1 Qb7 63. Nf3 Qd5 64. Kb2 Kh6 65. Kc2 a5 66. Nd4 Bxd4 67. cxd4 Kg6 68. Qd3 a4 69. bxa4 bxa4 70. Kd2 Qg2+ 71. Kc3 Qb7 72. Qc4 Qe4 73. Kb4 Qe1+ 74. Kxa4 Qxg3 0-1

[Event "IBCA World-chT blind 9th"]
[Site "Ohrid"]
[Date "2022.07.01"]
[Round "4.1"]
[White "Stimec, Marjan"]
[Black "Kastrati, Shaip"]
[Result "1-0"]
[WhiteElo "1787"]
[BlackElo "1475"]
[PlyCount "41"]
[EventDate "2022.06.28"]
[EventType "team-swiss"]
[EventRounds "9"]
[EventCountry "MKD"]
[SourceTitle "EXT 2024"]
[Source "ChessBase"]
[SourceDate "2023.10.10"]
[SourceVersion "1"]
[SourceVersionDate "2023.10.10"]
[SourceQuality "1"]
[WhiteTeam "Slovenia"]
[BlackTeam "Kosovo"]
[WhiteTeamCountry "SLO"]
[BlackTeamCountry "KOS"]

1. e4 e5 2. Nf3 Nc6 3. Bc4 Nf6 4. Ng5 d5 5. exd5 Nxd5 6. d4 Nxd4 7. c3 Ne6 8. Nxf7 Kxf7 9. Bxd5 Qf6 10. 0-0 Bd6 11. Nd2 c6 12. Ne4 Qe7 13. Bb3 Bc7 14. Bg5 Qd7 15. Qf3+ Kg6 16. Be3 h6 17. Bc2 Nd4 18. cxd4 Qf5 19. Ng5 hxg5 20. Qg3 Rh5 21. dxe5 1-0